| 000 | 00757cam a22002533a 4500 | ||
|---|---|---|---|
| 001 | 1286 | ||
| 003 | PGUSA | ||
| 005 | 20140828082959.0 | ||
| 008 | 980401s1998||||xxu|||||s|||||000 | eng d | ||
| 040 |
_aPGUSA _beng |
||
| 042 | _adc | ||
| 050 | 4 | _aPZ | |
| 050 | 4 | _aPR | |
| 100 | 1 |
_aLamb, Mary, _d1764-1847 |
|
| 245 | 1 | 0 |
_aTales from Shakespeare _h[electronic resource] / _cMary Lamb |
| 260 |
_bProject Gutenberg, _c1998 |
||
| 506 | _aPublic domain in the USA. | ||
| 516 | _aElectronic text | ||
| 653 | _aShakespeare, William, 1564-1616 -- Adaptations | ||
| 653 | _aShakespeare, William, 1564-1616 -- Stories, plots, etc. -- Juvenile literature | ||
| 830 | 0 |
_aProject Gutenberg _v1286 |
|
| 856 | 4 | 0 | _uhttp://www.gutenberg.org/ebooks/1286 |
| 942 | _cEB | ||
| 999 |
_c230634 _d230634 |
||